Archiwum Diecezjalne w Pelplinie

Titel: Archiwum Diecezjalne w Pelplinie : Zarys dziejów i informacje o zasobie
Verfasser:
In: Studia Pelplińskie, Band 21/22 (1990), Seite 263-316
alle Artikel anzeigen
Veröffentlicht: 1990/1991 [1994]
Format: Aufsatz
Sprache: Polnisch
Kein Bild verfügbar
X
alg: 39213805
001A    $01999:11-11-16 
001B    $01999:29-03-21 $t21:48:13.000 
001C    $06050:19-11-16 $t09:03:19.000 
001D    $01999:11-11-16 
001U    $0utf8 
001X    $00 
002@    $0Aox 
003@    $0392138050 
007A    $0392138050 $aHEB 
007T    $0Herd30141 
010@    $apol 
011@    $a1990 $b1991 $n1990/1991 [1994] 
021A    $aArchiwum Diecezjalne w Pelplinie $dZarys dziejów i informacje o zasobie 
027A    $aDas Diözesearchiv in Pelplin, seine Geschichte und Informationen über den Bestand 
028A    $aNadolny $dAnastazy 
031A    $d21/22 $h263-316 $j1990 
039B    $aIn $8--Abvc--. Studia Pelplińskie. - Pelplin : Wydawnictwo "Bernardinum", 1969-. - ISSN 0239-4456 $x199000000210000737 $9047489731 
045F    $a907.2094382 $eDDC23BSB 
045F/01 $a907.2 
045F/03 $g4382 
045F/03 $g43832 
045T    $aOST $qDE-12 $2FID 
045T    $a1 
046C    $aDas Diözesearchiv in Pelplin, seine Geschichte und Informationen über den Bestand $bÜbers. des Hauptsacht. 

lok: 39213805 78

exp: 39213805 78 1 #EPN
201B/01 $004-09-24 $t00:33:07.000 
201U/01 $0utf8 
203@/01 $0788234110 
208@/01 $a11-11-16 $be 
209A/01 $a/ $f000 $x00 
220C/01 $aTitelaufnehmer: ra 
244Z/01 $2Trx $#Prusy Wschodnie i Zachodnie $8--Trx--Ost- und Westpreußen $x01 $939113373X 
244Z/01 $#Diözese Pelplin $#Diecezja Pelplińska $#Diözese Pelplin $#Diecezja Pelplin $#Bistum Pelplin $#Dioecesis Pelplinensis $71340530619 $8--Tb1--Katholische Kirche$bDiözese Pelplin $x02 $9520995945 
244Z/01 $2Trx $#arhiivid üldine $#archyvai bendras $#Archives general $#levéltárak általában $#archiwa ogólnie $#archívy všeobecne $#archivy všeobecné $8--Trx--Archive$gallgemein $x03 $9391357085 
244Z/01 $2Trx $8--Trx--Zeitschriftenaufsatz $x04 $9391384341 
245Z/01 $a13.02 $x01 
245Z/01 $a04.02 $x02 
247C/01 $82080>Marburg/Lahn, Herder-Institut, Forschungsbibliothek, Bibliographieportal $9336309341
LEADER 00000caa a22000002c 4500
001 392138050
003 DE-603
005 20210329214813.0
007 tu
008 161111s19901991xx |||| | u00||u|pol c
035 |a (DE-599)HEB392138050 
040 |a DE-603  |b ger  |c DE-603  |d DE-603 
041 |a pol 
082 0 4 |8 1\u  |a 907.2094382  |q DE-101  |2 23/BSB 
084 |a OST  |q DE-12  |2 fid 
084 |a 1  |2 ssgn 
085 |8 1\u  |b 907.2 
085 |8 1\u  |z 2  |s 4382 
085 |8 1\u  |z 2  |s 43832 
100 1 |a Nadolny, Anastazy 
245 0 0 |a Archiwum Diecezjalne w Pelplinie  |b Zarys dziejów i informacje o zasobie 
246 1 |i Übers. des Hauptsacht.  |a Das Diözesearchiv in Pelplin, seine Geschichte und Informationen über den Bestand 
246 1 3 |a Das Diözesearchiv in Pelplin, seine Geschichte und Informationen über den Bestand 
264 0 |c 1990/1991 [1994] 
773 0 8 |i In  |t Studia Pelplińskie  |d Pelplin : Wydawnictwo "Bernardinum", 1969-  |x 0239-4456  |g Band 21/22 (1990), Seite 263-316  |w (DE-603)047489731  |w (DE-600)304909-7 
924 0 |9 2080  |a (DE-603)788234110  |b DE-2080  |c HES  |d d  |g /